Statistics for Countries that the British never Invaded

Click here to take the quiz!

General Stats

  • This quiz has been taken 45 times
  • The average score is 7 of 22

Answer Stats

Countries% Correct
Mongolia
71%
Vatican City
51%
Liechtenstein
49%
Andorra
46%
Chad
41%
Bolivia
39%
Monaco
39%
Republic of the Congo
39%
Uzbekistan
39%
Kyrgyzstan
37%
Paraguay
37%
Tajikistan
37%
Mali
34%
Sweden
34%
Belarus
32%
Central African Republic
29%
Luxembourg
29%
São Tomé and Príncipe
24%
Guatemala
17%
Burundi
12%
Ivory Coast
7%
Marshall Islands
2%

Score Distribution

Percentile by Number Answered

Percent of People with Each Score

Your Score History

You have not taken this quiz